Southville International School and Colleges
Your cart is empty.
  • Cart
  • Lists
    Public lists Eva Luna New books Lux_list list_1
    Your lists Log in to create your own lists
  • Log in to your account
  • Your cookies
  • Search history
Southville International School and Colleges
  • Advanced search
  • Recent comments
  • Most popular
  • Libraries

Log in to your account

Log in with GOOGLE


If you do not have an external account, but do have a local account, you can still log in:

  1. Home
  2. MARC view: Therapies and rehabilitation in down syndrome. /
Normal view MARC view ISBD view

Therapies and rehabilitation in down syndrome. / (Record no. 23065)

[ view plain ]
MARC details
000 -LEADER
fixed length control field 00652nam a2200205 a 4500
005 - DATE AND TIME OF LATEST TRANSACTION
control field 20140310183440.0
008 - FIXED-LENGTH DATA ELEMENTS--GENERAL INFORMATION
fixed length control field 080509s19uu xx 00 eng d
020 ## - INTERNATIONAL STANDARD BOOK NUMBER
International Standard Book Number 9780470060063
050 ## - LIBRARY OF CONGRESS CALL NUMBER
Classification number RJ 506.D68
Item number .T454 2007
100 ## - MAIN ENTRY--PERSONAL NAME
Personal name Rondal, Jean-Adolphe edited by
245 ## - TITLE STATEMENT
Title Therapies and rehabilitation in down syndrome. /
260 ## - PUBLICATION, DISTRIBUTION, ETC. (IMPRINT)
Place of publication, distribution, etc England :
Name of publisher, distributor, etc John Wiley & Sons Ltd,
Date of publication, distribution, etc 2007.
300 ## - PHYSICAL DESCRIPTION
Extent 214 p. :
Other physical details ill. ;
Dimensions 24 cm.
521 ## - TARGET AUDIENCE NOTE
Target audience note
650 ## - SUBJECT ADDED ENTRY--TOPICAL TERM
Topical term or geographic name as entry element Down syndrome
General subdivision Patients
-- Rehabilitation.
650 ## - SUBJECT ADDED ENTRY--TOPICAL TERM
Topical term or geographic name as entry element Children with mental disabilities
General subdivision Rehabilitaion.
700 ## - ADDED ENTRY--PERSONAL NAME
Personal name Quartino-Rasore, Alberto
942 ## - ADDED ENTRY ELEMENTS (KOHA)
Koha item type Books
Source of classification or shelving scheme Library of Congress Classification
Call number prefix Foreign
Holdings
Withdrawn status Lost status Source of classification or shelving scheme Damaged status Home library Current library Shelving location Date acquired Source of acquisition Total Checkouts Full call number Barcode Date last seen Copy number Price effective from Koha item type
    Library of Congress Classification   College Library College Library General Circulation Section 01/15/2014 Donation   RJ 506.D68 .T454 2007 C9342 05/15/2018 1 01/15/2014 Books

Therapies and rehabilitation in down syndrome. /

APA

Rondal J. e. b., Quartino-Rasore A., . (2007). Therapies and rehabilitation in down syndrome. England: John Wiley & Sons Ltd.

Chicago

Rondal Jean-Adolphe edited by, Quartino-Rasore Alberto, . 2007. Therapies and rehabilitation in down syndrome. England: John Wiley & Sons Ltd.

Harvard

Rondal J. e. b., Quartino-Rasore A., . (2007). Therapies and rehabilitation in down syndrome. England: John Wiley & Sons Ltd.

MLA

Rondal Jean-Adolphe edited by, Quartino-Rasore Alberto, . Therapies and rehabilitation in down syndrome. England: John Wiley & Sons Ltd. 2007.

  • Place hold
  • Print
  • Cite
  • Add to your cart (remove)
  • Save record
    BIBTEX Dublin Core MARCXML MARC (non-Unicode/MARC-8) MARC (Unicode/UTF-8) MARC (Unicode/UTF-8, Standard) MODS (XML) RIS
  • More searches
    Search for this title in:
    Other Libraries (WorldCat) Other Databases (Google Scholar) Online Stores (Bookfinder.com) Open Library (openlibrary.org)

Exporting to Dublin Core...

SOUTHVILLE LIBRARY

Southville International School and Colleges Library

1281 Tropical Ave. Cor. Luxembourg St., BF Homes International, Las Pinas City

Tel. No. 8256374 / 252358 Loc. 117/146

Powered by Koha